000 00420cam a22001337a 4500
008 180718b2002 xxu||||| |||| 00| 0 eng d
020 _a8122006345
082 _aA99/N164 P886
245 _aJayaprakash Narayan: essential writings (1929 - 1979)
_cedited by Bimal Prasad
260 _aNew Delhi
_bKonark
_c2002
300 _a471p.
650 _aNarayan, Jayaprakash - Criticism and interpretation
700 _aPrasad, Bimal
999 _c399781
_d399781